00918nam a2200253 i 450000100060000000300090000600500170001500700030003200800410003502000180007608000100009410000520010424500940015625000240025026000550027430000410032949000350037065000180040565000370042383000430046085200220050399900170052595201220054247824ES-MaACL20250815062601.0t|030528s2001 mx ||||1| spa d a968-16-3155-2 a930.91 aTuchman, Barbara Wertheim (d1912-1989)911162413aLa marcha de la locura b: la sinrazón desde Troya hasta Vietnam /cBarbara W. Tuchman. a1ª ed., 1ª reimp. aMéxico : bFondo de Cultura Económica, c2001. a368 p., [32] p. de lám. ; c24 cm.1 aSección de obras de historia00aPoder.916144 7aHistoria universal2embne9134291 aSección de obras de historia9179403 aES-MaACLjL-26405 c47824d47824 00104070aATENEOMbATENEOMcDEPO2d2008-01-17eSCl0oL-26405p1050328r2023-02-23 00:00:00w2023-02-23yMONOGRAFIA